00839pam a2200253 a 4500001000500000005001700005020001800022040002300040050002000063082000800083100002000091245008500111260003600196300005800232490002500290505000800315520011500323521003000438521002100468650002100489650002400510650002000534700003100554439120240819144827.0 a9780590409940 aDLCcDLCdDLCbeng00aPZ7.W4362b198800a2631 aWeinberg, Larry14aThe Forgetful bears help Santa /cby Larry Weinberg ; illustrated by Bruce Degen aNew York :bScholastic ; c1988 a32 unnumbered pages : bcolor illustrations ;c21 cm. a The Forgetful Bears aH  aWhen Mr. Forgetful Bear sees Santa's clothes and reindeer, he forgets who he is and delivers toys to children. a450 bLexile estimate  aH bRaz-Plus  1aMemoryvFiction. 1aChristmasvFiction. 1aBearsvFiction.1 aDegen, Bruceeillustrator